[Event "104th ch-GBR 2017"]
[Site "Llandudno WLS"]
[Date "2017.07.29"]
[Round "1.1"]
[White "Howell, David W L"]
[Black "Moore, Graham J"]
[Result "1-0"]
[WhiteTitle "GM"]
[WhiteElo "2702"]
[BlackElo "2155"]
[WhiteFideId "410608"]
[BlackFideId "441988"]
[EventDate "2017.07.29"]

1. g3 Nf6 2. Bg2 g6 3. e4 d6 4. d4 Bg7 5. Ne2 O-O 6. O-O c6 7. h3 e5 8. c4 exd4
9. Nxd4 Nbd7 10. Nc3 Re8 11. Re1 Ne5 12. b3 a5 13. Be3 Ned7 14. Qc2 Nc5 15. Rad1
Qb6 16. a3 Nfd7 17. Ncb5 Bf8 18. b4 axb4 19. axb4 cxb5 20. Nxb5 Ne5 21. bxc5
dxc5 22. Nc3 Nxc4 23. Nd5 Nxe3 24. Rxe3 Qd8 25. e5 Bf5 26. Qb2 Kh8 27. Ree1 Qb8
28. Nb6 Ra6 29. e6+ Bg7 30. exf7 Rf8 31. Qb5 Qc7 32. Nd7 Bxd7 33. Rxd7 Qa5 34.
Qb1 Qa2 35. Qxb7 Rf6 36. Re8 Qxf2+ 37. Kh2 h5 38. h4 Kh7 39. Ree7 c4 40. Rc7 c3
41. Rxc3 R8xf7 42. Rcc7 Rf3 43. Qxf3 Rxf3 44. Rxg7+ Kh8 45. Rh7+ Kg8 46. Rcg7+
Kf8 47. Rxg6 Qc2 48. Rh8+ Kf7 49. Rgg8 Rf2 50. Rf8+ Kg6 51. Rhg8+ Kh6 52. Rh8+
Kg6 53. Rhg8+ Kh6 54. Rxf2 Qxf2 55. Re8 Qf5 56. Re4 Qc5 57. Re2 Qf5 58. Rd2 Qe5
59. Bf3 Qc5 60. Kg2 Kg6 61. Be4+ Kf6 62. Rf2+ Kg7 63. Rc2 Qe3 64. Bf3 Qe5 65.
Rc6 Qb2+ 66. Kh3 Qf2 67. Bg2 Qe2 68. Rd6 Qg4+ 69. Kh2 Qe2 70. Rb6 Kh7 71. Rf6
Kg7 72. Rf4 Kh6 73. Re4 Qd1 74. Re5 Kg7 75. Re6 Kf7 76. Re3 Kg7 77. Bf3 Qf1 78.
Bg2 Qd1 79. Rf3 Kg6 80. Rf2 Qe1 81. Ra2 Qd1 82. Be4+ Kh6 83. Kg2 Kg7 84. Bf3 Qd4
85. Rc2 Qe5 86. Rd2 Qc3 87. Rf2 Kh6 88. Ra2 Qc5 89. Ra6+ Kg7 90. Re6 Qc2+ 91.
Be2 Qc5 92. Re4 Qd5 93. Bf3 Qc5 94. Re2 Kh6 95. Rd2 Kg7 96. Rd7+ Kg6 97. Be4+
Kf6 98. Rd5 Qe3 99. Bf3 Qb3 100. Rxh5 Qc2+ 101. Kh3 Qf2 102. Bg2 Kg6 103. Rb5
Kh6 104. Rb3 Qc2 105. Rf3 Kg6 106. Rf4 Qc1 107. Be4+ Kh6 108. Rf7 1-0

[Event "104th ch-GBR 2017"]
[Site "Llandudno WLS"]
[Date "2017.07.29"]
[Round "1.2"]
[White "Murphy, Conor E"]
[Black "Jones, Gawain C B"]
[Result "0-1"]
[BlackTitle "GM"]
[WhiteElo "2154"]
[BlackElo "2660"]
[WhiteFideId "421669"]
[BlackFideId "409561"]
[EventDate "2017.07.29"]

1. Nf3 Nf6 2. g3 g6 3. Bg2 Bg7 4. c4 O-O 5. Nc3 d6 6. O-O Nc6 7. Rb1 e5 8. d3 a5
9. a3 h6 10. b4 axb4 11. axb4 Be6 12. b5 Ne7 13. Bb2 Qd7 14. Nd2 Rab8 15. Re1
Bh3 16. Bh1 c6 17. Ba3 Ra8 18. Qb3 Rfd8 19. e3 Be6 20. Ra1 d5 21. Bxe7 Rxa1 22.
Rxa1 Qxe7 23. bxc6 bxc6 24. Qb6 dxc4 25. Ra7 Qf8 26. Bxc6 cxd3 27. e4 Kh7 28.
Ra5 Qd6 29. Nd5 Rb8 30. Qa6 Rc8 31. Bb5 Qxa6 32. Bxa6 Rc2 33. Nf1 Bxd5 34. Bxd3
Rc3 35. exd5 Rxd3 36. Ne3 Bf8 37. Kf1 Rd2 38. Nc4 Rxd5 39. Rxd5 Nxd5 40. Nxe5
Kg7 41. f4 Bd6 42. Nd3 f5 43. Kf2 Nb4 44. Nb2 Kf6 45. Kf3 Bc5 46. Nc4 Nc6 47.
Nb2 Ke6 48. Nd3 Kd5 49. g4 Nd4+ 50. Kg3 Bd6 51. h3 Ke4 52. Nf2+ Ke3 53. Nd1+ Kd2
54. Nb2 Ne2+ 55. Kf3 fxg4+ 56. hxg4 Bxf4 57. Nc4+ Ke1 58. Nb6 Kf1 59. Nd5 Bg5
60. Nc7 Ng1+ 61. Kg3 Be7 62. Ne6 Bd6+ 63. Kh4 Kg2 64. g5 Bg3+ 65. Kg4 h5# 0-1

[Event "104th ch-GBR 2017"]
[Site "Llandudno WLS"]
[Date "2017.07.29"]
[Round "1.3"]
[White "McShane, Luke J"]
[Black "Coathup, Roger H"]
[Result "1-0"]
[WhiteTitle "GM"]
[WhiteElo "2644"]
[BlackElo "2151"]
[WhiteFideId "404853"]
[BlackFideId "407062"]
[EventDate "2017.07.29"]

1. g3 c5 2. Bg2 Nc6 3. e4 e6 4. Ne2 Nf6 5. O-O Be7 6. d4 cxd4 7. Nxd4 d5 8. exd5
exd5 9. Nc3 O-O 10. Be3 Bg4 11. Qd2 Qd7 12. Rfe1 Rfe8 13. a3 Ne5 14. b3 Bc5 15.
f3 Bxd4 16. Bxd4 Nxf3+ 17. Bxf3 Bxf3 18. Bxf6 gxf6 19. Rf1 Qg4 20. Qf2 Be4 21.
Qxf6 Qg7 22. Nxe4 Rxe4 23. Rad1 d4 24. Rd2 Rae8 25. Qf5 R8e7 26. Rdf2 Qg6 27.
Qd5 Qe6 28. Qa5 b6 29. Qb5 Qe5 30. Qc4 Qe6 31. Qd3 Qg4 32. Rf4 Qg6 33. Rf5 Qg4
34. Qd2 Qe2 35. Qg5+ Kf8 36. Qh6+ Ke8 37. Qc6+ Kf8 38. Qh6+ Ke8 39. R5f2 Qg4 40.
Qxh7 Re1 41. Qh8+ Kd7 42. Rxf7 Rxf1+ 43. Rxf1 Rg7 44. Qf8 d3 45. cxd3 Qd4+ 46.
Qf2 1-0

[Event "104th ch-GBR 2017"]
[Site "Llandudno WLS"]
[Date "2017.07.29"]
[Round "1.4"]
[White "Moreby, James"]
[Black "Hawkins, Jonathan"]
[Result "0-1"]
[BlackTitle "GM"]
[WhiteElo "2149"]
[BlackElo "2582"]
[WhiteFideId "427756"]
[BlackFideId "412686"]
[EventDate "2017.07.29"]

1. e4 e5 2. Nf3 Nc6 3. Bc4 Nf6 4. d3 Bc5 5. c3 d6 6. Nbd2 a6 7. a4 Ba7 8. Qe2
O-O 9. Nf1 d5 10. Ba2 Be6 11. Ng3 dxe4 12. dxe4 Qe7 13. O-O Bxa2 14. Rxa2 Qe6
15. Ra1 Ne8 16. Be3 Bxe3 17. Qxe3 Nd6 18. Qc5 Rad8 19. Rad1 Qb3 20. Nxe5 Nxe4
21. Qc4 Qxd1 22. Nxc6 bxc6 23. Qxe4 Qd5 24. Qf4 Rd7 25. Nf5 Rfd8 26. Qg5 f6 27.
Qg4 g6 28. Nd4 c5 29. Qe6+ Rf7 30. Qxd5 Rxd5 31. Nc6 Rfd7 32. Na5 Rd1 33. Nb3
Rxf1+ 34. Kxf1 Rd1+ 35. Ke2 Rb1 36. Nxc5 Rxb2+ 37. Ke3 a5 38. Nd3 Ra2 39. Kd4
Rxa4+ 40. c4 Ra2 0-1

[Event "104th ch-GBR 2017"]
[Site "Llandudno WLS"]
[Date "2017.07.29"]
[Round "1.5"]
[White "Pert, Nicholas"]
[Black "Gallagher, Daniel GH"]
[Result "1-0"]
[WhiteTitle "GM"]
[WhiteElo "2558"]
[BlackElo "2147"]
[WhiteFideId "403989"]
[BlackFideId "436550"]
[EventDate "2017.07.29"]

1. d4 Nf6 2. Nf3 c5 3. d5 e6 4. c4 b5 5. e4 Nxe4 6. Bd3 Nf6 7. Nc3 Be7 8. O-O
exd5 9. cxd5 b4 10. d6 Bxd6 11. Be4 Nxe4 12. Nxe4 Be7 13. Nd6+ Kf8 14. Bg5 Bxg5
15. Qd5 Qf6 1-0

[Event "104th ch-GBR 2017"]
[Site "Llandudno WLS"]
[Date "2017.07.29"]
[Round "1.6"]
[White "Richardson, Alex"]
[Black "Adair, James R"]
[Result "0-1"]
[BlackTitle "IM"]
[WhiteElo "2147"]
[BlackElo "2481"]
[WhiteFideId "408239"]
[BlackFideId "406252"]
[EventDate "2017.07.29"]

1. d4 Nf6 2. Bf4 e6 3. e3 c5 4. c3 d5 5. Nd2 Bd6 6. Bxd6 Qxd6 7. f4 O-O 8. Bd3
b6 9. Nh3 Ba6 10. Qe2 Bxd3 11. Qxd3 Nbd7 12. a4 a6 13. O-O b5 14. axb5 axb5 15.
dxc5 Nxc5 16. Qd4 Nce4 17. Nxe4 Nxe4 18. Rfd1 Qc6 19. Nf2 Nd6 20. g3 Rfb8 21.
Rxa8 Qxa8 22. Qc5 Nc4 23. b3 Rc8 24. Qd4 Nd6 25. g4 Qa3 26. Qb6 h6 27. e4 Nxe4
28. Nxe4 dxe4 29. Qxb5 Rxc3 30. Qe8+ Kh7 31. Qxf7 Qc5+ 32. Kh1 Qf2 0-1

[Event "104th ch-GBR 2017"]
[Site "Llandudno WLS"]
[Date "2017.07.29"]
[Round "1.7"]
[White "Hebden, Mark L"]
[Black "Smith, Andrew Philip"]
[Result "1-0"]
[WhiteTitle "GM"]
[BlackTitle "FM"]
[WhiteElo "2477"]
[BlackElo "2146"]
[WhiteFideId "400084"]
[BlackFideId "2500833"]
[EventDate "2017.07.29"]

1. d4 Nf6 2. Nf3 g6 3. Nc3 d5 4. Bf4 Bg7 5. Qd2 c6 6. e3 O-O 7. Bd3 Nbd7 8. h3
b6 9. O-O Bb7 10. a4 a5 11. Rfe1 Re8 12. Bh2 Rc8 13. Rad1 c5 14. Bb5 Rf8 15. Ne5
Nxe5 16. dxe5 Nd7 17. Bxd7 Qxd7 18. Nxd5 Bxd5 19. e4 Qxa4 20. exd5 c4 21. c3
Rfd8 22. Qe3 Rc5 23. e6 Qe8 24. d6 exd6 25. e7 Rd7 26. Rxd6 Rd5 27. Rxd5 Rxd5
28. Bc7 Bf6 29. Qxb6 Bxe7 30. Bd6 1-0

[Event "104th ch-GBR 2017"]
[Site "Llandudno WLS"]
[Date "2017.07.29"]
[Round "1.8"]
[White "Coleman, David J"]
[Black "Emms, John M"]
[Result "0-1"]
[WhiteTitle "CM"]
[BlackTitle "GM"]
[WhiteElo "2135"]
[BlackElo "2468"]
[WhiteFideId "402087"]
[BlackFideId "400254"]
[EventDate "2017.07.29"]

1. e4 c5 2. Nf3 Nc6 3. Nc3 g6 4. d4 cxd4 5. Nxd4 Bg7 6. Be3 Nf6 7. Bc4 Qa5 8.
O-O O-O 9. Bb3 d6 10. h3 Bd7 11. Re1 Rac8 12. Qe2 Nh5 13. Nxc6 bxc6 14. Rad1
Rfd8 15. g4 Nf6 16. f3 Be8 17. Qf2 Nd7 18. Rb1 Nb6 19. Nd1 e6 20. c4 d5 21. exd5
cxd5 22. cxd5 Nxd5 23. Bxd5 exd5 24. b4 Qa4 25. Bxa7 Rc2 26. Qb6 Ra8 27. Ne3 Rc6
28. Qa5 Qxa5 29. bxa5 Rxa7 30. Nxd5 Re6 31. Red1 h6 32. Rb8 Kf8 33. Nf4 Ree7 34.
Nd5 Red7 35. Re1 Bd4+ 36. Kg2 Rxd5 37. Rexe8+ Kg7 38. Rg8+ Kh7 39. Rgf8 Bg7 0-1

[Event "104th ch-GBR 2017"]
[Site "Llandudno WLS"]
[Date "2017.07.29"]
[Round "1.9"]
[White "Zhou, Yang-Fan"]
[Black "Ogunshola, Ben"]
[Result "1-0"]
[WhiteTitle "IM"]
[WhiteElo "2468"]
[BlackElo "2133"]
[WhiteFideId "468584"]
[BlackFideId "8500231"]
[EventDate "2017.07.29"]

1. e4 d6 2. d4 Nf6 3. Nc3 g6 4. Be3 Bg7 5. Qd2 a6 6. f3 Nbd7 7. g4 e5 8. dxe5
Nxe5 9. g5 Nh5 10. f4 Ng4 11. Bd4 h6 12. h3 Bxd4 13. Qxd4 Ne5 14. fxe5 Qxg5 15.
Nf3 Qg3+ 16. Qf2 dxe5 17. Nd5 O-O 18. Nf6+ Kh8 19. Nxh5 Qxf2+ 20. Kxf2 gxh5 21.
Nxe5 Kh7 22. Bd3 f5 23. exf5 Bxf5 24. Kg2 Bxd3 25. Nxd3 Rf6 26. Rhf1 Rc6 27.
Rf7+ Kg8 28. Rf2 Rd8 29. Re1 a5 30. Re7 Rf8 31. Rxf8+ Kxf8 32. Re2 a4 33. Kg3
Rc4 34. b3 Rc3 35. Kh4 b5 36. Kxh5 c5 37. Nf4 c4 38. Rf2 Ke8 39. bxa4 bxa4 40.
Kxh6 Ra3 41. h4 Rxa2 42. h5 Rb2 43. Ng6 a3 44. Rf8+ Kd7 45. Ra8 a2 46. Kg7 Ke6
47. h6 Rb7+ 48. Kg8 Kf6 49. Nf8 Rb1 50. Ra6+ Kf5 51. Rxa2 Ke4 52. h7 Rg1+ 53.
Kf7 Rh1 54. Kg7 Ke3 55. h8=Q Rxh8 56. Kxh8 Kd2 57. Ne6 c3 58. Nc5 Kc1 59. Ne4 1-0

[Event "104th ch-GBR 2017"]
[Site "Llandudno WLS"]
[Date "2017.07.29"]
[Round "1.10"]
[White "Sun, Xinyue"]
[Black "Ghasi, Ameet K"]
[Result "0-1"]
[WhiteTitle "WFM"]
[BlackTitle "IM"]
[WhiteElo "2132"]
[BlackElo "2467"]
[WhiteFideId "8600813"]
[BlackFideId "409200"]
[EventDate "2017.07.29"]

1. e4 g6 2. d4 d6 3. Nc3 Bg7 4. Be3 Nf6 5. Qd2 c6 6. f3 b5 7. O-O-O Nbd7 8. e5
b4 9. Nb1 Nd5 10. Bh6 Bxh6 11. Qxh6 dxe5 12. Qg7 Rf8 13. dxe5 Qb6 14. Nd2 Qe3
15. Kb1 Qxe5 16. Qh6 Nc5 17. Nc4 Qf6 18. Nh3 Bxh3 19. Qxh3 Na4 20. Bd3 Rd8 21.
Qh6 Ndb6 22. Qc1 Nd5 23. Qh6 Kd7 24. Rhe1 Kc7 25. h4 e6 26. Qg5 h6 27. Qxh6 Rh8
28. Qg5 Rxh4 29. Qxf6 Nxf6 30. Ne5 Rh7 31. Be4 Rxd1+ 32. Rxd1 Nd5 33. Nc4 Nab6
34. Na5 Ne3 35. Rg1 Nbd5 36. Kc1 Rh2 37. g3 Nf6 38. Bd3 Nfd5 39. Nb3 Kb6 40. Nd2
Kc7 41. Ne4 Nf5 42. Nc5 Nd4 43. Rf1 Ne3 44. c3 bxc3 45. Re1 cxb2+ 46. Kb1 Nd5
47. Na4 Nxf3 48. Re2 Rxe2 49. Bxe2 Nd4 50. Bf1 Nf5 51. g4 Nfe3 52. Be2 Nf4 53.
Bf3 Nc4 54. Bd1 Nd3 55. Nxb2 Ncxb2 0-1

[Event "104th ch-GBR 2017"]
[Site "Llandudno WLS"]
[Date "2017.07.29"]
[Round "1.11"]
[White "Gormally, Daniel W"]
[Black "Kalaiyalahan, Akshaya"]
[Result "1-0"]
[WhiteTitle "GM"]
[BlackTitle "FM"]
[WhiteElo "2462"]
[BlackElo "2127"]
[WhiteFideId "406465"]
[BlackFideId "422894"]
[EventDate "2017.07.29"]

1. e4 c5 2. Nf3 g6 3. c3 d5 4. exd5 Qxd5 5. d4 Bg7 6. Na3 cxd4 7. Bc4 Qe4+ 8.
Be3 Nh6 9. cxd4 O-O 10. O-O Bg4 11. Be2 Nf5 12. Nc2 Nc6 13. h3 Nxe3 14. fxe3 Bf5
15. Nfe1 Qd5 16. Bd3 Bxd3 17. Qxd3 Qd7 18. Rd1 Rad8 19. Qb3 e6 20. Nf3 Qd5 21.
Qxd5 exd5 22. Rd3 Rfe8 23. Rc3 a6 24. Kf2 f5 25. g3 Rd7 26. Nce1 Bh6 27. Ng2 Bf8
28. Rfc1 Bb4 29. R3c2 Bd6 30. a3 Rde7 31. Rc3 Na5 32. Nd2 g5 33. Rc8 Kg7 34. g4
fxg4 35. hxg4 Rf7+ 36. Ke2 Rxc8 37. Rxc8 Nc6 38. Kd3 Rf2 39. Ne1 Rf8 40. Rxf8
Kxf8 41. Nef3 h6 42. e4 dxe4+ 43. Kxe4 Kf7 44. Nc4 Bf4 45. Nfe5+ Nxe5 46. Nxe5+
Kf6 47. Nd7+ Ke7 48. Nc5 Bc1 49. Nd3 Bd2 50. Ke5 Be3 51. b3 Bd2 52. Nc5 Bc1 53.
a4 b6 54. Ne4 Bb2 55. Ng3 Kf7 56. Nf5 Kg6 57. Ke6 h5 58. gxh5+ Kxh5 59. d5 Ba3
60. d6 Bxd6 61. Nxd6 Kg4 62. Ne4 1-0

[Event "104th ch-GBR 2017"]
[Site "Llandudno WLS"]
[Date "2017.07.29"]
[Round "1.12"]
[White "Jackson, Sheila"]
[Black "Trent, Lawrence"]
[Result "0-1"]
[WhiteTitle "WGM"]
[BlackTitle "IM"]
[WhiteElo "2125"]
[BlackElo "2445"]
[WhiteFideId "402508"]
[BlackFideId "408638"]
[EventDate "2017.07.29"]

1. e4 g6 2. d4 Bg7 3. Nc3 d6 4. Nf3 Nf6 5. Be2 O-O 6. O-O a6 7. a4 Nc6 8. h3 e5
9. dxe5 dxe5 10. Be3 Qe7 11. Nd5 Nxd5 12. exd5 Rd8 13. c4 Nb4 14. Qb3 a5 15.
Rfd1 Na6 16. Rac1 Nc5 17. Qa3 b6 18. Nd2 f5 19. Nb3 Bf8 20. Nxc5 bxc5 21. f3 Bd7
22. Re1 Rdb8 23. Bd1 Rb4 24. Bd2 Qh4 25. b3 Bd6 26. f4 exf4 27. Bf3 g5 28. Qb2
g4 29. Bxb4 cxb4 30. c5 Bxc5+ 31. Kf1 Bd6 32. hxg4 fxg4 33. Be4 Re8 34. Qf2 Qh1+
35. Qg1 Qh5 36. Rcd1 Bc8 37. Bd3 Rf8 38. Ke2 f3+ 39. gxf3 Qe5+ 40. Kd2 Qb2+ 41.
Bc2 Bf4+ 0-1

[Event "104th ch-GBR 2017"]
[Site "Llandudno WLS"]
[Date "2017.07.29"]
[Round "1.13"]
[White "Williams, Simon K"]
[Black "Maroroa, Sue"]
[Result "1-0"]
[WhiteTitle "GM"]
[BlackTitle "WIM"]
[WhiteElo "2442"]
[BlackElo "2116"]
[WhiteFideId "404454"]
[BlackFideId "4301498"]
[EventDate "2017.07.29"]

1. c4 Nf6 2. Nc3 g6 3. g3 Bg7 4. Bg2 d6 5. e4 c5 6. Nge2 Nc6 7. d3 a6 8. O-O O-O
9. h3 Rb8 10. a4 Ne8 11. Be3 Nd4 12. Rb1 b5 13. cxb5 axb5 14. Bxd4 cxd4 15. Nxb5
Qb6 16. b4 Nc7 17. Na3 Na6 18. Nc4 Qd8 19. b5 Nc5 20. a5 Be6 21. b6 Qc8 22. Nf4
Bxc4 23. dxc4 Qa6 24. Rb5 e6 25. Nd3 Nxd3 26. Qxd3 e5 27. Rfb1 Rb7 28. Qb3 Bh6
29. Bf1 Qa8 30. c5 dxc5 31. Rxc5 Rbb8 32. Qd5 1-0

[Event "104th ch-GBR 2017"]
[Site "Llandudno WLS"]
[Date "2017.07.29"]
[Round "1.14"]
[White "Burrows, Martin P"]
[Black "Ward, Chris G"]
[Result "0-1"]
[BlackTitle "GM"]
[WhiteElo "2115"]
[BlackElo "2441"]
[WhiteFideId "409057"]
[BlackFideId "400203"]
[EventDate "2017.07.29"]

1. e4 e6 2. d4 d5 3. Nc3 Nf6 4. e5 Nfd7 5. f4 c5 6. Nf3 Nc6 7. Be3 a6 8. Qd2 b5
9. a3 Qa5 10. Ra2 Qb6 11. Ne2 b4 12. axb4 Nxb4 13. Ra1 Nc6 14. c3 Rb8 15. Ra2 f6
16. exf6 Nxf6 17. dxc5 Bxc5 18. Bxc5 Qxc5 19. Ned4 Ne4 20. Qe3 O-O 21. Bd3 Nxd4
22. Nxd4 Rxb2 23. Rxb2 Qxc3+ 24. Rd2 Qc1+ 25. Ke2 Qxh1 26. Bxe4 dxe4 27. Qxe4
Qxh2 28. Nxe6 Qh5+ 29. Kf1 Qb5+ 30. Re2 Bxe6 31. Qxe6+ Kh8 32. g3 h6 33. Kg2 a5
34. Re5 Qb7+ 35. Kh3 a4 36. Ra5 Qh1+ 37. Kg4 Qd1+ 38. Kh3 Qh1+ 39. Kg4 Qd1+ 40.
Kh3 h5 41. Kh4 Qh1+ 42. Qh3 Qc6 43. Rxh5+ Kg8 44. Kg4 Qe6+ 45. Kf3 Qxh3 46. Rxh3
a3 47. Rh2 Ra8 48. Ra2 Kf7 49. Ke4 Ke6 50. Kd4 Ra4+ 51. Kd3 Kd5 52. Kc3 Ke4 53.
Kb3 Ra7 54. Kc3 Kf3 55. Kd4 Ra5 56. f5 Kxg3 57. Ke4 Kg4 58. Rg2+ Kh5 59. Rh2+
Kg5 60. Rg2+ Kf6 0-1

[Event "104th ch-GBR 2017"]
[Site "Llandudno WLS"]
[Date "2017.07.29"]
[Round "1.15"]
[White "Hanley, Craig A"]
[Black "Lam, Paul G M"]
[Result "1-0"]
[WhiteTitle "IM"]
[WhiteElo "2441"]
[BlackElo "2111"]
[WhiteFideId "408514"]
[BlackFideId "411566"]
[EventDate "2017.07.29"]

1. b3 e5 2. Bb2 Nc6 3. e3 Nf6 4. Bb5 Bd6 5. Ne2 a6 6. Bxc6 dxc6 7. d3 Bg4 8. h3
Be6 9. Nd2 Qe7 10. Ng3 O-O-O 11. Qf3 g6 12. Nc4 Bb4+ 13. Kf1 Bd5 14. e4 Bxc4 15.
bxc4 h5 16. Rb1 Bc5 17. Ne2 Nh7 18. Qg3 Rde8 19. h4 Rhf8 20. f3 Be3 21. Nc3 Kb8
22. Ke2 f5 23. Bc1 f4 24. Qe1 Bd4 25. Na4 g5 26. Qa5 Kc8 27. c3 Ba7 28. c5 gxh4
29. Qb4 Qg5 30. Rf1 Kd7 31. Bd2 Qxg2+ 32. Rf2 Qg8 33. d4 a5 34. Qb3 Qxb3 35.
Rxb3 Rb8 36. Rh2 b6 37. Rxh4 bxc5 38. dxe5 Rxb3 39. axb3 Rb8 40. Rxf4 Ke6 41.
Rh4 Rxb3 42. Rxh5 Nf8 43. f4 c4 44. Rh6+ Kd7 45. f5 Ra3 46. e6+ Ke8 47. Nb2 Ra2
48. Nxc4 a4 49. Rh8 Bc5 50. Kd3 Ra1 51. Ne5 a3 52. f6 Rd1 53. Nxc6 1-0

[Event "104th ch-GBR 2017"]
[Site "Llandudno WLS"]
[Date "2017.07.29"]
[Round "1.16"]
[White "Okhai, Shabir"]
[Black "Wells, Peter K"]
[Result "0-1"]
[BlackTitle "GM"]
[WhiteElo "2111"]
[BlackElo "2434"]
[WhiteFideId "445134"]
[BlackFideId "400327"]
[EventDate "2017.07.29"]

1. e4 c5 2. Nf3 Nc6 3. Bb5 e6 4. O-O Nge7 5. Re1 Nd4 6. Nxd4 cxd4 7. d3 a6 8.
Ba4 b5 9. Bb3 Nc6 10. a3 g6 11. Bf4 d6 12. Bg3 Bg7 13. f4 O-O 14. Rf1 Bd7 15.
Nd2 Rc8 16. Nf3 Qc7 17. Rf2 a5 18. Qd2 a4 19. Ba2 Rb8 20. Raf1 b4 21. Qd1 bxa3
22. bxa3 Na7 23. Nd2 Nb5 24. Nc4 Nc3 25. Qa1 f5 26. Nd2 fxe4 27. dxe4 d3 28. e5
dxe5 29. f5 Ne2+ 30. Kh1 Nxg3+ 31. hxg3 gxf5 32. Rxf5 Rxf5 33. Rxf5 dxc2 34. Qc1
Bh6 35. Rf2 e4 36. Kh2 Rb5 37. Re2 Rh5+ 38. Kg1 Qc5+ 39. Rf2 e3 0-1

[Event "104th ch-GBR 2017"]
[Site "Llandudno WLS"]
[Date "2017.07.29"]
[Round "1.17"]
[White "Merry, Alan B"]
[Black "Stewart, Ashley"]
[Result "1-0"]
[WhiteTitle "IM"]
[WhiteElo "2427"]
[BlackElo "2111"]
[WhiteFideId "418811"]
[BlackFideId "419001"]
[EventDate "2017.07.29"]

1. e4 c5 2. Nc3 g6 3. g3 Bg7 4. Bg2 Nc6 5. d3 d6 6. Be3 e6 7. Qd2 Rb8 8. Nge2 b5
9. O-O b4 10. Nd1 Nd4 11. Nc1 a5 12. c3 Nc6 13. Ne2 Ba6 14. f4 Qb6 15. f5 Ne5
16. fxe6 fxe6 17. Nf4 Bc8 18. Bh3 Ke7 19. Qf2 Nf6 20. d4 cxd4 21. cxd4 Nc4 22.
e5 Rf8 23. exf6+ Bxf6 24. Bxe6 Nxe3 25. Nxe3 Bxd4 26. Nxg6+ 1-0

[Event "104th ch-GBR 2017"]
[Site "Llandudno WLS"]
[Date "2017.07.29"]
[Round "1.18"]
[White "Pleasants, Allan J"]
[Black "Arkell, Keith C"]
[Result "1/2-1/2"]
[BlackTitle "GM"]
[WhiteElo "2103"]
[BlackElo "2424"]
[WhiteFideId "411337"]
[BlackFideId "400270"]
[EventDate "2017.07.29"]

1. d4 Nf6 2. Nc3 d5 3. Bg5 Nbd7 4. Qd3 c6 5. f3 e5 6. O-O-O exd4 7. Qxd4 h6 8.
Bxf6 Nxf6 9. e4 Be6 10. exd5 Nxd5 11. Nxd5 Qxd5 12. Qxd5 Bxd5 13. c4 Be6 14. Bd3
O-O-O 15. Kc2 Bd6 16. Ne2 Bc7 17. Ng3 g6 18. Ne4 b6 19. b3 Rd4 20. g3 Rhd8 21.
Be2 Bf5 22. Rxd4 Rxd4 23. Bd3 h5 24. Re1 Rd8 25. Nf2 Bd7 26. Ne4 h4 27. f4 Re8
28. Rd1 hxg3 29. hxg3 Rh8 30. Ng5 Be8 31. Be4 Bd8 32. Rh1 Rxh1 33. Bxh1 Kd7 34.
Nf3 Kd6 35. Kd3 Bf6 36. Nd2 Bb2 37. c5+ Kxc5 38. Ne4+ Kb4 39. Nd6 Bd7 40. Nxf7
Bf5+ 41. Be4 Bxe4+ 42. Kxe4 Ka3 43. Ne5 Kxa2 44. Nxg6 Kxb3 45. Ne5 a5 46. g4 a4 1/2-1/2

[Event "104th ch-GBR 2017"]
[Site "Llandudno WLS"]
[Date "2017.07.29"]
[Round "1.19"]
[White "Hunt, Adam C"]
[Black "Shaw, Peter"]
[Result "1/2-1/2"]
[WhiteTitle "IM"]
[WhiteElo "2424"]
[BlackElo "2103"]
[WhiteFideId "403970"]
[BlackFideId "411361"]
[EventDate "2017.07.29"]

1. e4 c5 2. Nf3 g6 3. d4 cxd4 4. Nxd4 Bg7 5. c4 Qb6 6. Nb3 Nc6 7. Nc3 Bxc3+ 8.
bxc3 Nf6 9. c5 Qc7 10. Bd3 b6 11. cxb6 axb6 12. O-O Ne5 13. Bc2 d6 14. Bh6 Neg4
15. Bg7 Rg8 16. Bxf6 Nxf6 17. Nd4 Kf8 18. f4 Kg7 19. Qe1 Ra5 20. Rf3 Bb7 21. Rh3
Rh5 22. Rg3 Rc8 23. Rb1 Ba6 24. Kh1 Rc5 25. Rb3 Ra5 26. Rb2 Rc5 27. Rb3 Ra5 28.
Rb2 Rc5 29. Rb3 1/2-1/2

[Event "104th ch-GBR 2017"]
[Site "Llandudno WLS"]
[Date "2017.07.29"]
[Round "1.20"]
[White "Brozel, Sacha"]
[Black "Palliser, Richard J D"]
[Result "0-1"]
[BlackTitle "IM"]
[WhiteElo "2097"]
[BlackElo "2408"]
[WhiteFideId "429317"]
[BlackFideId "407372"]
[EventDate "2017.07.29"]

1. c4 Nf6 2. g3 g6 3. Bg2 Bg7 4. Nc3 d6 5. e4 c5 6. Nge2 Nc6 7. O-O h5 8. d4 h4
9. dxc5 Qa5 10. Nd5 hxg3 11. hxg3 dxc5 12. Bd2 Qd8 13. Bc3 e5 14. Nef4 Ng4 15.
Nd3 Nh2 16. Re1 Nd4 17. Bxd4 cxd4 18. Qa4+ Bd7 19. Qb4 Bg4 20. f3 Nxf3+ 21. Bxf3
Bxf3 22. Nc5 O-O 23. Kf2 Bh5 24. Nxb7 Qg5 25. Qe7 Qd2+ 26. Kg1 Bf3 0-1

[Event "104th ch-GBR 2017"]
[Site "Llandudno WLS"]
[Date "2017.07.29"]
[Round "1.21"]
[White "Houska, Jovanka"]
[Black "Willow, Jonah B"]
[Result "1-0"]
[WhiteTitle "IM"]
[WhiteElo "2402"]
[BlackElo "2077"]
[WhiteFideId "405094"]
[BlackFideId "438804"]
[EventDate "2017.07.29"]

1. d4 Nf6 2. Nf3 e6 3. c4 c5 4. d5 exd5 5. cxd5 d6 6. Nc3 g6 7. h3 Bg7 8. e4 O-O
9. Bd3 b5 10. Bxb5 Nxe4 11. Nxe4 Qa5+ 12. Nfd2 Qxb5 13. Nxd6 Qd3 14. N2e4 Qxd1+
15. Kxd1 Na6 16. Bg5 f6 17. Be3 Rd8 18. Nxc8 Rxd5+ 19. Ke2 Rxc8 20. Rad1 Rxd1
21. Rxd1 f5 22. Nd6 Rb8 23. b3 Nb4 24. Rc1 Bf8 25. Bxc5 Nxa2 26. Rc2 Nb4 27. Rc4
Na6 28. Bxa7 Bxd6 29. Bxb8 Nxb8 30. Rd4 Bc7 31. Ra4 Be5 32. Ra5 Bd6 33. Ra7 h5
34. Rb7 Kf8 35. h4 Nc6 36. Rb6 Nd4+ 37. Kd3 Bc5 38. Rb8+ Kf7 39. Rb7+ Ke6 40. b4
Nb3 41. Kc4 Bxf2 42. Kxb3 Bxh4 43. Rb6+ Kf7 44. Rc6 Bg3 45. b5 h4 46. b6 g5 47.
b7 Bf4 48. Rc8 Kg6 49. Kc2 Kh5 50. Kd1 Kg4 51. Rc4 Kg3 52. Rxf4 gxf4 53. b8=Q
Kxg2 54. Qxf4 h3 55. Ke2 1-0

[Event "104th ch-GBR 2017"]
[Site "Llandudno WLS"]
[Date "2017.07.29"]
[Round "1.22"]
[White "Longson, Sarah N"]
[Black "McPhillips, Joseph"]
[Result "0-1"]
[WhiteTitle "WFM"]
[BlackTitle "FM"]
[WhiteElo "2074"]
[BlackElo "2400"]
[WhiteFideId "2501465"]
[BlackFideId "422487"]
[EventDate "2017.07.29"]

1. e4 e6 2. d4 d5 3. Nc3 Nf6 4. Bg5 Nc6 5. e5 h6 6. Be3 Nd7 7. f4 Nb6 8. Nf3 Bd7
9. Be2 Ne7 10. Bd3 Nc4 11. Bc1 c5 12. Bxc4 dxc4 13. Ne4 Nf5 14. d5 exd5 15. Qxd5
Qa5+ 16. Bd2 Qb5 17. Nc3 Qa6 18. Qe4 g6 19. e6 Qxe6 20. Qxe6+ Bxe6 21. Nb5 Kd7
22. Bc3 Rg8 23. Ne5+ Kc8 24. O-O-O a6 25. Ba5 b6 26. Nc6 axb5 27. Bxb6 Kb7 0-1